000
00282nam a2200109Ia 4500
008
220120s9999||||xx |||||||||||||| ||und||
082
_a
621.382 ANO
100
_a
Anokh, Singh
_9
11399
245
0
_a
Principles of communication engineering
260
_b
New Delhi
300
_a
1046p.
_b
0
999
_c
136316
_d
136316